| 000 | 00604nam a2200217Ia 4500 | ||
|---|---|---|---|
| 003 | OSt | ||
| 005 | 20220926035636.0 | ||
| 006 | a|||||r|||| 00| 0 | ||
| 007 | ta | ||
| 008 | 220923b |||||||| |||| 00| 0 eng d | ||
| 037 | _cGeneral Book | ||
| 040 |
_aRTL _cRTL _beng |
||
| 041 |
_2eng _aeng |
||
| 082 | _aX:2v5931:N3, G6:G7 | ||
| 100 |
_aWien-Claudi Franz _9342582 |
||
| 245 | 0 | _aAustrian theories of capital, interest and the tra | |
| 260 | _c1936 | ||
| 650 | _aProduction Economics | ||
| 942 |
_hX:2v5931:N3, G6:G7 _cGB _2CC |
||
| 999 |
_c662739 _d662739 |
||